| Tag |
First Indicator |
Second Indicator |
Subfields |
| LEADER |
00000cam a2200000 a 4500 |
| 001 |
in00000079771 |
| 005 |
20220103114829.0 |
| 007 |
cr unu a |
| 008 |
820226s1981 txua b 00010 eng d |
| 035 |
|
|
|9 AAH9305AM
|
| 035 |
|
|
|a (OCoLC)08199357
|
| 040 |
|
|
|a TXA
|c TXA
|d UtOrBLW
|
| 049 |
|
|
|a TXAZ [Also in] [Archives]
|c [1441632], 2 [1441633]
|
| 099 |
|
|
|a 1981
|a Thesis
|a S421
|
| 100 |
1 |
|
|a Scofield, Michael Lynn,
|d 1952-
|
| 245 |
1 |
0 |
|a Evidence for a sex pheromone of the horn fly, Haematobia irritans irritans (L.) /
|c by Michael Lynn Scofield.
|
| 264 |
|
1 |
|a [Place of publication not identified] :
|b [publisher not identified] ;
|c 1981.
|
| 300 |
|
|
|a vii, 49 leaves :
|b illustrations ;
|c 29 cm.
|
| 336 |
|
|
|a text
|b txt
|2 rdacontent
|
| 337 |
|
|
|a computer
|b c
|2 rdamedia
|
| 338 |
|
|
|a online resource
|b cr
|2 rdacarrier
|
| 500 |
|
|
|a "Major subject: Entomology."
|
| 500 |
|
|
|a Typescript (photocopy).
|
| 500 |
|
|
|a Vita.
|
| 502 |
|
|
|b M.S.
|c Texas A&M University
|d 1981.
|
| 504 |
|
|
|a Bibliography: leaves 46-48.
|
| 530 |
|
|
|a Also available online.
|
| 650 |
|
0 |
|a Horn fly.
|
| 650 |
|
0 |
|a Insects
|x Behavior.
|
| 650 |
|
0 |
|a Pheromones.
|
| 650 |
|
0 |
|a Sex recognition (Zoology)
|
| 650 |
|
4 |
|a Major entomology.
|
| 856 |
4 |
1 |
|u https://hdl.handle.net/1969.1/ETD-TAMU-1981-THESIS-S421
|z Link to OAKTrust copy
|t 0
|
| 999 |
|
|
|a MARS
|
| 999 |
f |
f |
|s 68c8e2fa-d045-3373-a287-6f2cac16eb36
|i a0d6b9dc-972a-3db7-bdfd-1c0ca3a48f89
|t 0
|
| 952 |
f |
f |
|p noncirc
|a Texas A&M University
|b J.J. Pickle Campus
|c High Density Repository
|s HDR
|d Remote Storage
|t 0
|e 1981 Thesis S421
|h Other scheme
|i computer -- online resource
|m A14841002220
|
| 952 |
f |
f |
|a Texas A&M University
|b College Station
|c Electronic Resources
|s www_evans
|d Available Online
|t 0
|e 1981 Thesis S421
|h Other scheme
|
| 998 |
f |
f |
|a 1981 Thesis S421
|t 0
|l Available Online
|
| 998 |
f |
f |
|a 1981 Thesis S421
|t 0
|l Remote Storage
|